[Event "Vellmar op 1st"]
[Site "Vellmar"]
[Date "2009.08.01"]
[Round "5"]
[White "Konczak, Carsten"]
[Black "Powalla, Klaus"]
[Result "1-0"]
[WhiteElo "2045"]
[BlackElo "1885"]
[PlyCount "63"]
[EventDate "2009.07.30"]
[EventType "swiss"]
[EventRounds "7"]
[EventCountry "GER"]
[SourceTitle "EXT 2018"]
[Source "ChessBase"]
[SourceDate "2017.10.13"]
[SourceVersion "1"]
[SourceVersionDate "2017.10.13"]
[SourceQuality "1"]

1. f4 g6 2. Nf3 Bg7 3. e3 d6 4. g3 Nc6 5. Bb5 Bd7 6. c3 a6 7. Ba4 e6 8. 0-0 Nf6 9. d4 b5 10. Bc2 Ne7 11. Nbd2 Bc6 12. e4 Ng4 13. Qe2 0-0 14. f5 exf5 15. exf5 Bh6 16. Nb3 Nxf5 17. Bxf5 Re8 18. Qc2 Bxf3 19. Bxg4 Re2 20. Qd3 Rg2+ 21. Kh1 Bd5 22. Bf3 Bc4 23. Qe4 d5 24. Qe1 Bxc1 25. Qxc1 Bxf1 26. Bxg2 Bxg2+ 27. Kxg2 Qd7 28. Qd2 Re8 29. Re1 Rf8 30. Nc5 Qd6 31. Qe3 Qf6 32. Nd7 1-0

[Event "Apolda op 16th"]
[Site "Apolda"]
[Date "2007.08.24"]
[Round "2"]
[White "Konczak, Carsten"]
[Black "Gutman, Lev"]
[Result "0-1"]
[WhiteElo "2043"]
[BlackElo "2408"]
[PlyCount "38"]
[EventDate "2007.08.23"]
[EventType "swiss"]
[EventRounds "7"]
[EventCountry "GER"]
[SourceTitle "CBM 120 Extra"]
[Source "ChessBase"]
[SourceDate "2007.11.01"]
[SourceVersion "1"]
[SourceVersionDate "2007.11.01"]
[SourceQuality "1"]

1. f4 Nf6 2. Nf3 g6 3. b3 Bg7 4. Bb2 0-0 5. e3 d6 6. Be2 e5 7. fxe5 Ng4 8. 0-0 Nc6 9. Nc3 Ngxe5 10. Nxe5 Nxe5 11. Rb1 c6 12. Qe1 d5 13. Qg3 Qe7 14. Qf4 f5 15. Nd1 b5 16. Nf2 g5 17. Qg3 f4 18. exf4 gxf4 19. Qc3 b4 0-1

[Event "Werther Schloss op-B 11th"]
[Site "Werther"]
[Date "2005.03.19"]
[Round "2"]
[White "Konczak, Carsten"]
[Black "Meyer, Bettina"]
[Result "0-1"]
[WhiteElo "1901"]
[BlackElo "1749"]
[PlyCount "92"]
[EventDate "2005.03.18"]
[EventType "swiss"]
[EventRounds "5"]
[EventCountry "GER"]
[SourceTitle "EXT 2006"]
[Source "ChessBase"]
[SourceDate "2005.11.24"]
[SourceVersion "1"]
[SourceVersionDate "2005.11.24"]
[SourceQuality "1"]

1. f4 Nf6 2. Nf3 g6 3. b4 Bg7 4. Bb2 0-0 5. e3 d6 6. Bc4 a6 7. a4 Nc6 8. b5 axb5 9. axb5 Rxa1 10. Bxa1 Na5 11. Be2 c6 12. c4 Bd7 13. 0-0 Qc7 14. Nc3 Be6 15. Qa4 Ra8 16. Bb2 Nd7 17. Ng5 Bf5 18. Ra1 Nc5 19. Qd1 Nd3 20. Bc1 Qc8 21. g4 Nxc1 22. Rxc1 Be6 23. Na4 Qd8 24. Nxe6 fxe6 25. c5 d5 26. bxc6 Nxc6 27. d4 Qf8 28. Rb1 Rb8 29. Qb3 Kh8 30. Bb5 Nd8 31. Bd3 Qf6 32. g5 Qf8 33. Nb6 Qf7 34. Qa4 Nc6 35. Nd7 Rc8 36. Rxb7 Bxd4 37. exd4 Qxf4 38. Rb1 Qe3+ 39. Kh1 Qxd3 40. Rd1 Qf3+ 41. Kg1 Qe3+ 42. Kh1 Qe2 43. Qa1 Nb4 44. Qb1 Ra8 45. Re1 Qf3+ 46. Kg1 Ra2 0-1

[Event "NRW Class1 0405"]
[Site "Germany"]
[Date "2004.10.31"]
[Round "2.8"]
[White "Konczak, Carsten"]
[Black "Klasmeier, Hartmut"]
[Result "0-1"]
[WhiteElo "1890"]
[BlackElo "1992"]
[PlyCount "76"]
[EventDate "2004.10.10"]
[EventType "team"]
[EventRounds "9"]
[EventCountry "GER"]
[SourceTitle "EXT 2006"]
[Source "ChessBase"]
[SourceDate "2005.11.24"]
[SourceVersion "1"]
[SourceVersionDate "2005.11.24"]
[SourceQuality "1"]
[WhiteTeam "Werther"]
[BlackTeam "Essen Borbeck"]
[WhiteTeamCountry "GER"]
[BlackTeamCountry "GER"]

1. f4 Nc6 2. Nf3 d5 3. b3 Nf6 4. Bb2 e6 5. e3 a6 6. Be2 Bc5 7. d4 Be7 8. Ne5 Ne4 9. 0-0 Bd7 10. Bd3 0-0 11. Nd2 Nd6 12. Bxh7+ Kxh7 13. Qh5+ Kg8 14. Rf3 f6 15. Ng6 Nf7 16. Rh3 Nh6 17. Nxf8 Bxf8 18. c4 Ne7 19. g4 Qe8 20. Qh4 Qg6 21. Rg3 Qc2 22. Bc1 c6 23. Rf3 Ng6 24. Qg3 Ne7 25. Qg2 dxc4 26. bxc4 b5 27. g5 fxg5 28. fxg5 Nhf5 29. g6 Nh4 30. Qh3 Nxf3+ 31. Nxf3 Qxg6+ 32. Kf2 Qf5 33. Qg2 Ng6 34. Kg1 bxc4 35. Bb2 Rb8 36. Bc3 c5 37. dxc5 Bc6 38. Rf1 Rb1 0-1